000 00526nam a2200193 a 4500
001 1773826207982
003 YourLibrary
005 20260318150212.0
008 260318s1998##################000#0#eng##
020 _a9781858986517
082 0 4 _a338.94373
_bSMI
100 1 _aSmith, Adrian,
_eauthor.
245 1 0 _aReconstructing the Regional Economy :
260 _bEdward Elgar Publishing,
_c1998.
300 _a464 pages
650 0 _aBusiness & Economics.
942 _cENGLISH
040 _aYourLibrary
_beng
_cYourLibrary
999 _c618004
_d618004